لا محسو س : ا فسا نو ں کا سا تو ا ں مجمو عہ (Record no. 178883)

MARC details
000 -LEADER
fixed length control field 00622nam a22001937a 4500
005 - DATE AND TIME OF LATEST TRANSACTION
control field 20210422163047.0
010 ## - LCCN (DPL NO)
LC control number UR-11096
020 ## - INTERNATIONAL STANDARD BOOK NUMBER
Terms of availability 150.00
International Standard Book Number 9788194411123
035 ## - SYSTEM CONTROL NUMBER
System control number U-9651
037 ## - SOURCE OF ACQUISITION
Source of stock number/acquisition DBAD/PUB
082 ## - DEWEY DECIMAL CLASSIFICATION NUMBER
Classification number ک
100 ## - MAIN ENTRY--PERSONAL NAME
Personal name فا ر و ق ر ا ہب
245 ## - TITLE STATEMENT
Title لا محسو س : ا فسا نو ں کا سا تو ا ں مجمو عہ
Statement of responsibility, etc فا ر و ق ر ا ہب
246 ## - VARYING FORM OF TITLE
Title proper/short title Laa Mehsoos (Urdu)
Remainder of title by Farooq Rahib
260 ## - PUBLICATION, DISTRIBUTION, ETC. (IMPRINT)
Place of publication, distribution, etc N.D.
Date of publication, distribution, etc 2020 ء
Name of publisher, distributor, etc Applied Books
270 ## - ADDRESS
Address 1739/104, Darya Ganj Patoudi house
City N Delhi
Postal code 110002
Fax number -
300 ## - PHYSICAL DESCRIPTION
Extent 116 ص
Dimensions 22 Cm(Hb)
942 ## - ADDED ENTRY ELEMENTS (KOHA)
Source of classification or shelving scheme Dewey Decimal Classification
Item type Urdu Bks
Classification part ک
Call number suffix ف ا ر
Holdings
Withdrawn status Lost status Not for loan Collection code Home library Current library Date acquired Source of acquisition Cost, normal purchase price Full call number Barcode Copy number Cost, replacement price Koha item type
      Fiction D.B.Act.Division Central Library 22/04/2021 DBAD/PUB 150.00 ک ف ا ر U-9651 1 150.00 Urdu Bks

© Delhi Public Library
Hit Counter
free hit counter